Значение практической или экономической геологии в промышленной жизни страны

Detaylı Bibliyografya
Yazar: Богданович К. И. Карл Иванович
Müşterek Yazar: Российская академия наук (РАН) Комиссия по изучению естественных производительных сил России
Özet:Отдельный выпуск 1-й тома IV сборника "Естественные призводительные силы России", составленного Геологическим Комитетом в 1919 г.
Dil:Rusça
Baskı/Yayın Bilgisi: Петроград, Первая Государственная Типография, 1920
Seri Bilgileri:Естественные производительные силы России Т. 4
Konular:
Materyal Türü: Kitap
KOHA link:https://koha.lib.tpu.ru/cgi-bin/koha/opac-detail.pl?biblionumber=376083

MARC

LEADER 00000nam0a2200000 4500
001 376083
005 20231102012806.0
035 |a (RuTPU)RU\TPU\retro\33523 
035 |a RU\TPU\book\276845 
090 |a 376083 
100 |a 20221221d1920 km y0rusy50 ca 
101 0 |a rus 
102 |a RU 
105 |a y z 001zy 
200 1 |a Значение практической или экономической геологии в промышленной жизни страны  |f К. И. Богданович  |g Российская академия наук (РАН), Комиссия по изучению естествнных производительных сил России 
210 |a Петроград  |c Первая Государственная Типография  |d 1920 
215 |a 44 с. 
225 1 |a Естественные производительные силы России  |v Т. 4  |h Вып. 1 
300 |a Отдельный выпуск 1-й тома IV сборника "Естественные призводительные силы России", составленного Геологическим Комитетом в 1919 г. 
316 |5 63413507: 179377  |a На обл. штамп: "Испорчено наводнением 23 сентября 1924 г." 
317 |5 63413507: 179377  |a Поступила в НТБ в составе книжного собрания академика М. А. Усова. 
320 |9 572  |a Библиография в ссылках 
606 1 |a Минеральное сырье  |x Экономика  |2 stltpush  |3 (RuTPU)RU\TPU\subj\64895  |9 81594 
610 1 |a экономическая геология 
610 1 |a месторождения 
610 1 |a библиотека М. А. Усова 
610 1 |a промышленное сырье 
610 1 |a оценка 
610 1 |a практическое изучение 
675 |a 553.04  |v 3 
700 1 |a Богданович  |b К. И.  |c крупнейший русский и польский ученый  |c горный инженер  |c профессор геологии Санкт-Петербургского Горного института  |c директор Геологического Комитета  |c академик Польской АН  |f 1864-1947  |g Карл Иванович  |2 stltpush  |3 (RuTPU)RU\TPU\pers\24835  |9 11040 
712 0 2 |a Российская академия наук (РАН)  |b Комиссия по изучению естественных производительных сил России  |c (Санкт-Петербург)  |c (1917-1925)  |2 stltpush  |3 (RuTPU)RU\TPU\col\22383 
801 1 |a RU  |b 63413507  |c 20140320 
801 2 |a RU  |b 63413507  |c 20221221  |g RCR 
942 |c BK